Propuesta de delimitación del centro histórico de la ciudad de Jinotepe, Carazo, Managua
Presenta propuesta de relimitación del centro histórico de la ciudad de Jinotepe, contiene estudio y análisis de desarrollo urbano arquitectónico de la ciudad, inventario de los bienes urbanos arquitectónicos que podrían ser patrimonios y la identificación de los valores patrimoniales y cultu...
| Main Authors: | , |
|---|---|
| Other Authors: | |
| Format: | Tesis Section = Libro |
| Language: | Undetermined Spanish |
| Published: |
Managua
UNI
2012
|
| Subjects: |
| LEADER | 01293nam a2200277Ia 4500 | ||
|---|---|---|---|
| 008 | 240830s9999 xx 000 0 und d | ||
| 040 | |a BIBLIOTECA-RUSB/ Mon 711.4 M385 | ||
| 041 | |a spa | ||
| 082 | |a Mon 711.4 M385 | ||
| 100 | 1 | |a Martínez Álvarez, Bessna Gabriel | |
| 100 | 1 | |b Mercado Hernández, Jessica María | |
| 245 | 1 | 0 | |a Propuesta de delimitación del centro histórico de la ciudad de Jinotepe, Carazo, Managua |
| 260 | |a Managua |b UNI |c 2012 | ||
| 300 | |a 108 p. :il. | ||
| 500 | |a Contiene: anexos. | ||
| 502 | |a Tesis (Arquitecto) - UNI, 2012. | ||
| 520 | 3 | |a Presenta propuesta de relimitación del centro histórico de la ciudad de Jinotepe, contiene estudio y análisis de desarrollo urbano arquitectónico de la ciudad, inventario de los bienes urbanos arquitectónicos que podrían ser patrimonios y la identificación de los valores patrimoniales y culturales de la ciudad. | |
| 650 | 7 | |a URBANISMO - CENTRO HISTÓRICO | |
| 650 | 7 | |b PLANES Y PLANIFICACIÓN DE LA COMUNIDAD LOCAL | |
| 650 | 7 | |c PATRIMONIO CULTURAL - CENTRO HISTÓRICO | |
| 650 | 7 | |d PROTECCIÓN DEL PATRIMONIO HISTÓRICO | |
| 650 | 7 | |e INVENTARIO DE BIENES URBANO ARQUITECTÓNICO | |
| 700 | 1 | |a Tutor: |b Cardoza Sánchez, Riel Ramón | |
| 942 | |c BK |2 ddc | ||
| 991 | |a TESIS | ||
| 999 | |c 20930 | ||